000
00342cam a2200145ua 4500
041
_a
eng
_h
082
_a
828.09
_b
LEW/ME
100
_a
Lewis, Robert .
245
_a
Method of Madness /
_c
Robert Lewis.
_h
Textual Documents
260
_a
London :
_b
Heinemann ,
_c
1960.
300
_a
165 ; .
504
_a
942
_c
BK
999
_c
873
_d
873